[Event "Zhukovsky op 04"]
[Site "Zhukovsky"]
[Date "2014.??.??"]
[Round "8"]
[White "Luzhetskiy, Yuri"]
[Black "Andreev, Gennadiy"]
[Result "1-0"]
[WhiteElo "2081"]
[BlackElo "1884"]
[PlyCount "121"]
[EventDate "2014.04.??"]
[EventType "swiss"]
[EventRounds "9"]
[EventCountry "RUS"]
[SourceTitle "EXT 2016"]
[Source "ChessBase"]
[SourceDate "2015.10.08"]
[SourceVersion "1"]
[SourceVersionDate "2015.10.08"]
[SourceQuality "1"]

1. e4 c6 2. Nc3 d5 3. Nf3 dxe4 4. Nxe4 Nf6 5. Nxf6+ gxf6 6. d4 Bg4 7. Be3 e6 8. h3 Bh5 9. Bd3 f5 10. 0-0 Bd6 11. c4 Bc7 12. Re1 0-0 13. Bh6 Re8 14. Be2 Qf6 15. Bg5 Qg7 16. Qd2 f6 17. Bh6 Qf7 18. d5 exd5 19. Nh4 Bg6 20. cxd5 cxd5 21. Bf3 Re4 22. Bxe4 dxe4 23. Bf4 Nc6 24. Bxc7 Qxc7 25. Qh6 Qf7 26. Qf4 Qe6 27. f3 Ne5 28. fxe4 Nd3 29. exf5 Qb6+ 30. Qe3 Nxe1 31. Qxb6 axb6 32. fxg6 Nd3 33. gxh7+ Kxh7 34. b3 Nc5 35. b4 Nd3 36. b5 Ra5 37. Rd1 Nc5 38. Rd6 Rxb5 39. Rxf6 Rb1+ 40. Rf1 Rb2 41. Rf2 Rb1+ 42. Kh2 b5 43. g4 Nd3 44. Rd2 Ne5 45. Kg3 Nc4 46. Rd7+ Kg8 47. Rxb7 b4 48. Ng6 Nd6 49. Rb6 Ne4+ 50. Kf4 Nf2 51. h4 Rg1 52. g5 Nh3+ 53. Kf5 Rf1+ 54. Kg4 Nf2+ 55. Kh5 Kf7 56. Rxb4 Nd3 57. Rd4 Nc1 58. a4 Ne2 59. Rd7+ Ke8 60. Re7+ Kd8 61. Rxe2 1-0

[Event "Zhukovsky op 04"]
[Site "Zhukovsky"]
[Date "2014.??.??"]
[Round "5"]
[White "Luzhetskiy, Yuri"]
[Black "Rigovich, Albert"]
[Result "1-0"]
[WhiteElo "2081"]
[BlackElo "1949"]
[PlyCount "107"]
[EventDate "2014.04.??"]
[EventType "swiss"]
[EventRounds "9"]
[EventCountry "RUS"]
[SourceTitle "EXT 2016"]
[Source "ChessBase"]
[SourceDate "2015.10.08"]
[SourceVersion "1"]
[SourceVersionDate "2015.10.08"]
[SourceQuality "1"]

1. Nf3 Nf6 2. c4 d6 3. d4 g6 4. Nc3 Bg7 5. Bg5 h6 6. Bf4 Nh5 7. Be3 0-0 8. h3 f5 9. g4 fxg4 10. hxg4 Bxg4 11. Bh3 Bxh3 12. Rxh3 Qd7 13. Rxh5 gxh5 14. Qd2 Kh7 15. 0-0-0 Rxf3 16. exf3 Qf5 17. Nd5 Nc6 18. f4 Rc8 19. f3 b5 20. cxb5 Qxd5 21. Qc2+ Kh8 22. Qxc6 Qxc6+ 23. bxc6 Rb8 24. b3 Rb5 25. Kd2 Kh7 26. Kd3 d5 27. f5 Rb8 28. Bf4 Rc8 29. Rc1 Bf8 30. Be5 Kg8 31. Rc5 e6 32. Ra5 exf5 33. Rxd5 h4 34. Ke3 h3 35. Kf2 Bd6 36. f4 Kh7 37. Kg3 Bxe5 38. dxe5 Rg8+ 39. Kxh3 Rg4 40. Rd7+ Kg6 41. Rxc7 Rxf4 42. Rxa7 Rf3+ 43. Kh4 Rc3 44. Ra6 Kf7 45. Rb6 Ke6 46. b4 Kxe5 47. b5 f4 48. Rb7 Ke4 49. a4 f3 50. Kg3 h5 51. Re7+ Kf5 52. Rf7+ Ke4 53. Rf4+ Kd5 54. Rxf3 1-0

[Event "Zhukovsky-A 02"]
[Site "Zhukovsky"]
[Date "2011.02.09"]
[Round "4"]
[White "Luzhetskiy, Yuri"]
[Black "Avetisyan, Aleksey"]
[Result "1-0"]
[WhiteElo "2132"]
[BlackElo "2065"]
[PlyCount "107"]
[EventDate "2011.02.09"]
[EventType "swiss"]
[EventRounds "9"]
[EventCountry "RUS"]
[SourceTitle "EXT 2022"]
[Source "ChessBase"]
[SourceDate "2021.10.06"]
[SourceVersion "1"]
[SourceVersionDate "2021.10.06"]
[SourceQuality "1"]

1. e4 c6 2. Nc3 d5 3. Nf3 Bg4 4. h3 Bh5 5. d4 e6 6. Be3 Nd7 7. exd5 cxd5 8. Be2 Bd6 9. 0-0 Ne7 10. Nb5 Bb8 11. a4 0-0 12. Qd2 a6 13. Na3 Qc7 14. g3 Ba7 15. Rfc1 Rac8 16. c4 Qd8 17. c5 Nf6 18. b4 Ne4 19. Qb2 Bb8 20. b5 a5 21. b6 f6 22. Nb5 Nc6 23. Nc3 f5 24. Ne5 Nxe5 25. dxe5 Bxe2 26. Nxe2 g5 27. Bd4 f4 28. g4 h5 29. f3 hxg4 30. hxg4 Ng3 31. Nxg3 fxg3 32. Kg2 Qd7 33. Qd2 Rf4 34. Rh1 Qg7 35. Be3 Bxe5 36. Bxf4 Bxa1 37. Bd6 Qb2 38. Qxb2 Bxb2 39. Rh6 d4 40. Rxe6 d3 41. Re3 d2 42. Rd3 Bc3 43. Kxg3 Bb4 44. Bc7 Bxc5 45. Rxd2 Be7 46. Rd5 Ra8 47. Rd7 Kf7 48. Bd6 Ke6 49. Rxe7+ Kxd6 50. Rxb7 Kc6 51. Ra7 Rg8 52. b7 Kc7 53. Ra8 Rb8 54. Rxa5 1-0

[Event "Zhukovsky-A 02"]
[Site "Zhukovsky"]
[Date "2011.02.09"]
[Round "1"]
[White "Orekhovsky, Vasily"]
[Black "Luzhetskiy, Yuri"]
[Result "1/2-1/2"]
[WhiteElo "2080"]
[BlackElo "2132"]
[PlyCount "67"]
[EventDate "2011.02.09"]
[EventType "swiss"]
[EventRounds "9"]
[EventCountry "RUS"]
[SourceTitle "EXT 2022"]
[Source "ChessBase"]
[SourceDate "2021.10.06"]
[SourceVersion "1"]
[SourceVersionDate "2021.10.06"]
[SourceQuality "1"]

1. e4 c5 2. Nf3 d6 3. d4 cxd4 4. Nxd4 Nc6 5. Nc3 Nf6 6. Be2 e5 7. Nb3 Be7 8. 0-0 0-0 9. Be3 Be6 10. Bf3 a5 11. a4 Nb4 12. Bg5 Rc8 13. Rc1 h6 14. Bxf6 Bxf6 15. Bg4 Bxg4 16. Qxg4 Bg5 17. Rcd1 Nxc2 18. Rd5 b6 19. Rfd1 Rc6 20. Nb5 Be7 21. Rxe5 dxe5 22. Rxd8 Rxd8 23. Qe2 Bb4 24. h3 Na1 25. Nxa1 Rc1+ 26. Kh2 Rxa1 27. Qc2 Rd2 28. Qc8+ Bf8 29. Nc3 Rc1 30. Qe8 Rcc2 31. Nd5 Rxf2 32. Kg3 Rxg2+ 33. Kf3 Rgf2+ 34. Kg3 1/2-1/2

[Event "Zhukovsky op 05"]
[Site "Zhukovsky"]
[Date "2011.??.??"]
[Round "2"]
[White "Guseynov, Vafadar"]
[Black "Luzhetskiy, Yuri"]
[Result "0-1"]
[WhiteElo "1885"]
[BlackElo "2132"]
[PlyCount "64"]
[EventDate "2011.05.15"]
[EventType "swiss"]
[EventRounds "9"]
[EventCountry "RUS"]
[SourceTitle "EXT 2012"]
[Source "ChessBase"]
[SourceDate "2011.11.24"]
[SourceVersion "1"]
[SourceVersionDate "2011.11.24"]
[SourceQuality "1"]

1. e4 c5 2. Nf3 d6 3. d4 cxd4 4. Nxd4 Nf6 5. Nc3 a6 6. Be2 e5 7. Nb3 Be7 8. 0-0 0-0 9. a4 Be6 10. Be3 Nbd7 11. f3 Rc8 12. Qd2 Nb6 13. Rfd1 Qc7 14. a5 Nc4 15. Bxc4 Bxc4 16. Nc1 Qc6 17. Na4 Rc7 18. c3 Nd7 19. b3 Be6 20. c4 f5 21. Nd3 Nf6 22. Nb4 Qe8 23. exf5 Bxf5 24. Nb6 Be6 25. g4 Qg6 26. Qd3 e4 27. fxe4 Qxg4+ 28. Kh1 Qf3+ 29. Kg1 Nxe4 30. Rf1 Qg4+ 31. Kh1 Bf5 32. Qd1 Nf2+ 0-1

[Event "Zhukovsky op 05"]
[Site "Zhukovsky"]
[Date "2011.??.??"]
[Round "5"]
[White "Luzhetskiy, Yuri"]
[Black "Listratov, Artem"]
[Result "1/2-1/2"]
[WhiteElo "2132"]
[BlackElo "2103"]
[PlyCount "146"]
[EventDate "2011.05.15"]
[EventType "swiss"]
[EventRounds "9"]
[EventCountry "RUS"]
[SourceTitle "EXT 2012"]
[Source "ChessBase"]
[SourceDate "2011.11.24"]
[SourceVersion "1"]
[SourceVersionDate "2011.11.24"]
[SourceQuality "1"]

1. e4 c6 2. Nf3 d6 3. d4 Bg4 4. Be2 Nf6 5. Nc3 Nbd7 6. 0-0 e6 7. Be3 Be7 8. h3 Bh5 9. Nd2 Bxe2 10. Qxe2 0-0 11. f4 Ne8 12. Kh2 b5 13. e5 Nc7 14. Nce4 d5 15. Ng3 f5 16. exf6 gxf6 17. Rae1 Kh8 18. Nf3 Bd6 19. Nh1 a6 20. g3 c5 21. dxc5 Bxc5 22. Nf2 Qe7 23. Nd4 Rae8 24. Nd3 Bd6 25. c3 e5 26. Nf5 Qe6 27. fxe5 fxe5 28. Nxd6 Qxd6 29. Rxf8+ Qxf8 30. Nxe5 Nxe5 31. Bd4 Kg8 32. Bxe5 Qf5 33. g4 Qg6 34. Rf1 Ne6 35. Rf6 Qb1 36. Qd2 Qe4 37. Rf5 Rf8 38. Rxf8+ Nxf8 39. Qg5+ Ng6 40. Qd8+ Kf7 41. Qf6+ Ke8 42. Qe6+ Ne7 43. Kg3 Qe1+ 44. Kf3 Qe4+ 45. Kg3 Qe1+ 46. Kf3 Qf1+ 47. Kg3 Qg1+ 48. Kh4 Qf2+ 49. Kh5 Qe3 50. g5 Kd8 51. h4 Qf3+ 52. Kh6 Nf5+ 53. Kxh7 Nxh4 54. Qd6+ Ke8 55. Qc6+ Kd8 56. Qd6+ Ke8 57. Qb8+ Ke7 58. Qc7+ Ke8 59. Qc6+ Kf8 60. Qh6+ Ke8 61. Qxh4 Qf5+ 62. g6 Qxe5 63. g7 Qf5+ 64. Kh8 Qe5 65. Qh6 Kf7 66. Qh7 a5 67. Qg8+ Kg6 68. Qh7+ Kf7 69. a3 a4 70. Qg8+ Kg6 71. Qh7+ Kf7 72. Qg8+ Kg6 73. Qh7+ Kf7 1/2-1/2

[Event "Zhukovsky op 05"]
[Site "Zhukovsky"]
[Date "2011.??.??"]
[Round "3"]
[White "Luzhetskiy, Yuri"]
[Black "Tarabtsev, Ivan"]
[Result "1-0"]
[WhiteElo "2132"]
[BlackElo "2001"]
[PlyCount "87"]
[EventDate "2011.05.15"]
[EventType "swiss"]
[EventRounds "9"]
[EventCountry "RUS"]
[SourceTitle "EXT 2012"]
[Source "ChessBase"]
[SourceDate "2011.11.24"]
[SourceVersion "1"]
[SourceVersionDate "2011.11.24"]
[SourceQuality "1"]

1. e4 c6 2. d4 d5 3. e5 Bf5 4. Be3 e6 5. Nd2 Ne7 6. f4 h5 7. Ngf3 Bg4 8. Bf2 Nf5 9. Be2 Be7 10. 0-0 g6 11. c4 dxc4 12. Bxc4 Nd7 13. Rc1 Nb6 14. Qb3 Qd7 15. Rfd1 Kf8 16. Ne4 Kg7 17. Nc5 Qc8 18. a4 Rb8 19. a5 Nxc4 20. Rxc4 Rd8 21. Ne4 Qc7 22. Qc3 Bxf3 23. gxf3 Rd5 24. b4 Rbd8 25. Kf1 Rb5 26. Ke2 Qd7 27. Qb2 c5 28. Nxc5 Bxc5 29. Rxc5 b6 30. axb6 axb6 31. Rc3 Ra8 32. Rcd3 Qd5 33. Qb3 Qd7 34. d5 exd5 35. Rxd5 Qe6 36. R1d3 Qc6 37. Rd7 Rf8 38. e6 Qc1 39. Rd2 Qh1 40. Qc4 Nh4 41. Qc3+ Kg8 42. Rxf7 Nf5 43. Rxf8+ Kxf8 44. Qf6+ 1-0

[Event "Zhukovsky op 05"]
[Site "Zhukovsky"]
[Date "2011.??.??"]
[Round "7"]
[White "Luzhetskiy, Yuri"]
[Black "Zhukovsky, Viacheslav"]
[Result "0-1"]
[WhiteElo "2132"]
[BlackElo "2157"]
[PlyCount "88"]
[EventDate "2011.05.15"]
[EventType "swiss"]
[EventRounds "9"]
[EventCountry "RUS"]
[SourceTitle "EXT 2012"]
[Source "ChessBase"]
[SourceDate "2011.11.24"]
[SourceVersion "1"]
[SourceVersionDate "2011.11.24"]
[SourceQuality "1"]

1. e4 e6 2. d4 d5 3. Nc3 Nf6 4. e5 Nfd7 5. f4 c5 6. Nf3 Be7 7. Be3 b6 8. Qd2 g6 9. 0-0-0 Nc6 10. g4 h5 11. Bb5 Nxd4 12. Nxd4 cxd4 13. Bxd4 hxg4 14. Bc6 Rb8 15. Nxd5 Kf8 16. Ne3 Qc7 17. Qg2 Rh4 18. Rd2 Nc5 19. b4 Bb7 20. Bxb7 Nxb7 21. Qg3 Qc6 22. Rf1 a5 23. a3 axb4 24. axb4 Qa4 25. Nxg4 Qxb4 26. Nf6 Bxf6 27. exf6 Rh5 28. Bb2 Ra8 29. Rd4 Qb5 30. Rfd1 Kg8 31. Qg2 Rb8 32. Rd7 Nc5 33. Rd8+ Rxd8 34. Rxd8+ Kh7 35. Rf8 Nd3+ 36. cxd3 Qc5+ 37. Kd2 Qxf8 38. Be5 Qb4+ 39. Ke3 Qc5+ 40. Kd2 Qd5 41. Qg3 Qh1 42. f5 Rxf5 43. Qh4+ Rh5 44. Qc4 Rxe5 0-1

[Event "Zhukovsky-chA"]
[Site "Zhukovsky"]
[Date "2010.04.01"]
[Round "3"]
[White "Luzhetskiy, Yuri"]
[Black "Vdovin, Dmitry"]
[Result "0-1"]
[WhiteElo "2106"]
[BlackElo "2302"]
[PlyCount "64"]
[EventDate "2010.04.01"]
[EventType "swiss"]
[EventRounds "9"]
[EventCountry "RUS"]
[SourceTitle "EXT 2022"]
[Source "ChessBase"]
[SourceDate "2021.10.06"]
[SourceVersion "1"]
[SourceVersionDate "2021.10.06"]
[SourceQuality "1"]

1. e4 e5 2. Nf3 Nc6 3. d4 exd4 4. Nxd4 Bc5 5. Nb3 Bb6 6. Nc3 Qf6 7. Qe2 Nge7 8. Be3 0-0 9. 0-0-0 d6 10. f3 Be6 11. Kb1 Ne5 12. Nd5 Nxd5 13. exd5 Bf5 14. Nd4 Rfe8 15. Qd2 h6 16. Bb5 c6 17. Nxf5 Qxf5 18. Bxb6 axb6 19. Bd3 Qd7 20. f4 Nxd3 21. Qxd3 c5 22. c4 Qa4 23. a3 b5 24. cxb5 c4 25. Qc3 Qxb5 26. Rd4 Re2 27. Rd2 Rxd2 28. Qxd2 Rxa3 29. Rc1 Rd3 30. Qc2 c3 31. Re1 Kf8 32. Qe2 Rd1+ 0-1

[Event "Zhukovsky op"]
[Site "Zhukovsky"]
[Date "2010.??.??"]
[Round "7"]
[White "Luzhetskiy, Yuri"]
[Black "Belyaev, Oleg"]
[Result "1/2-1/2"]
[WhiteElo "2106"]
[BlackElo "2122"]
[PlyCount "107"]
[EventDate "2010.05.14"]
[EventType "swiss"]
[EventRounds "9"]
[EventCountry "RUS"]
[SourceTitle "EXT 2011"]
[Source "ChessBase"]
[SourceDate "2010.11.26"]
[SourceVersion "1"]
[SourceVersionDate "2010.11.26"]
[SourceQuality "1"]

1. e4 e5 2. Nc3 Nc6 3. Bc4 Nf6 4. Nf3 Bc5 5. d3 h6 6. a3 a6 7. b4 Be7 8. 0-0 d6 9. Nd5 Nxd5 10. exd5 Nb8 11. d4 exd4 12. Nxd4 0-0 13. Be3 Bf6 14. Qf3 Nd7 15. Bb3 Ne5 16. Qd1 Re8 17. h3 Bd7 18. Qd2 Bb5 19. Nxb5 axb5 20. Bd4 Nc4 21. Bxc4 bxc4 22. a4 Re4 23. Bxf6 Qxf6 24. c3 Qe5 25. Rfe1 Rxa4 26. Kf1 Rxa1 27. Rxa1 Qh2 28. Ra8+ Kh7 29. f3 Re7 30. Kf2 Qe5 31. b5 Qf5 32. Ra1 Qe5 33. Ra4 c6 34. bxc6 bxc6 35. Rxc4 Qxd5 36. Qxd5 cxd5 37. Rd4 Re5 38. f4 Re4 39. Kf3 Rxd4 40. cxd4 h5 41. g4 Kg6 42. Kg3 hxg4 43. hxg4 Kf6 44. Kh4 Ke6 45. Kg5 Kd7 46. f5 Ke7 47. f6+ gxf6+ 48. Kf5 Ke8 49. Kxf6 Kf8 50. g5 Ke8 51. g6 fxg6 52. Kxg6 Ke7 53. Kg7 Ke6 54. Kg6 1/2-1/2

[Event "Zhukovsky op"]
[Site "Zhukovsky"]
[Date "2010.??.??"]
[Round "8"]
[White "Luzhetskiy, Yuri"]
[Black "Lazarenko, Viktor"]
[Result "0-1"]
[WhiteElo "2106"]
[BlackElo "2091"]
[PlyCount "86"]
[EventDate "2010.05.14"]
[EventType "swiss"]
[EventRounds "9"]
[EventCountry "RUS"]
[SourceTitle "EXT 2011"]
[Source "ChessBase"]
[SourceDate "2010.11.26"]
[SourceVersion "1"]
[SourceVersionDate "2010.11.26"]
[SourceQuality "1"]

1. d4 d5 2. c4 dxc4 3. Nf3 Nf6 4. e3 e6 5. Bxc4 Bb4+ 6. Nc3 0-0 7. 0-0 c5 8. a3 cxd4 9. exd4 Be7 10. Qe2 a6 11. a4 Nc6 12. Rd1 Nb4 13. Bg5 Nbd5 14. Ne5 Nxc3 15. bxc3 Nd5 16. Bxe7 Nxe7 17. Rd3 Nd5 18. Rg3 f6 19. Nd3 Rf7 20. Nc5 Re7 21. Re1 b6 22. Nxa6 Bb7 23. Bxd5 Bxd5 24. Nb4 Bb7 25. Re3 Rxa4 26. Rxe6 Rxe6 27. Qxe6+ Kf8 28. d5 Bc8 29. Qc6 Ra7 30. Qc4 Bd7 31. Qe4 b5 32. Qxh7 Qc7 33. Qh8+ Kf7 34. Qh5+ Kf8 35. Qf3 Ra3 36. Nc6 Ra6 37. Nd4 Qe5 38. Rd1 Rd6 39. Nb3 Bf5 40. Nc5 Bc2 41. Ra1 Ba4 42. Ne6+ Kg8 43. Qg4 Rd7 0-1

[Event "Zhukovsky op"]
[Site "Zhukovsky"]
[Date "2010.??.??"]
[Round "2"]
[White "Luzhetskiy, Yuri"]
[Black "Lylov, Igor"]
[Result "1-0"]
[WhiteElo "2106"]
[BlackElo "2303"]
[PlyCount "61"]
[EventDate "2010.05.14"]
[EventType "swiss"]
[EventRounds "9"]
[EventCountry "RUS"]
[SourceTitle "EXT 2011"]
[Source "ChessBase"]
[SourceDate "2010.11.26"]
[SourceVersion "1"]
[SourceVersionDate "2010.11.26"]
[SourceQuality "1"]

1. e4 g6 2. d4 Bg7 3. Nc3 d6 4. f4 Nd7 5. Nf3 c5 6. Be3 a6 7. Bc4 Ngf6 8. dxc5 dxc5 9. e5 Ng4 10. Bxf7+ Kxf7 11. Ng5+ Ke8 12. Qxg4 Nxe5 13. Qg3 Nc4 14. Rd1 Qa5 15. 0-0 Bf5 16. Bf2 Nxb2 17. Nd5 Nxd1 18. Rxd1 Kf8 19. Nxe7 Qc3 20. Nxf5 gxf5 21. Ne6+ Kg8 22. Rd3 Qa1+ 23. Be1 Re8 24. Kf2 Kf7 25. Qxg7+ Qxg7 26. Nxg7 Kxg7 27. Bc3+ Kg6 28. Rd6+ Kh5 29. Bxh8 Rxh8 30. Kf3 Rg8 31. Rf6 1-0

[Event "Zhukovsky Rating-A 08"]
[Site "Zhukovsky"]
[Date "2009.08.14"]
[Round "2"]
[White "Luzhetskiy, Yuri"]
[Black "Medvedev, Vladimir"]
[Result "1-0"]
[WhiteElo "2079"]
[BlackElo "2160"]
[PlyCount "67"]
[EventDate "2009.08.14"]
[EventType "swiss"]
[EventRounds "7"]
[EventCountry "RUS"]
[SourceTitle "EXT 2022"]
[Source "ChessBase"]
[SourceDate "2021.10.06"]
[SourceVersion "1"]
[SourceVersionDate "2021.10.06"]
[SourceQuality "1"]

1. e4 Nc6 2. d4 e5 3. dxe5 Nxe5 4. Nf3 Ng6 5. Bc4 c6 6. 0-0 Be7 7. Nc3 d6 8. Qe2 Nf6 9. Rd1 Qc7 10. Bb3 0-0 11. Be3 Ng4 12. Bd2 N4e5 13. Nd4 Nh4 14. Kh1 Bd7 15. Bf4 Rad8 16. h3 Qc8 17. Bh2 c5 18. Ndb5 Bxh3 19. gxh3 Qxh3 20. f4 Nef3 21. Rd3 a6 22. Nc7 Qg4 23. Rg1 Qh5 24. Ne8 Rfxe8 25. Rg3 b5 26. Bd5 b4 27. Nb1 Bf6 28. Nd2 Nf5 29. Qxf3 Nxg3+ 30. Qxg3 Qd1+ 31. Qg1 Qxc2 32. Qb1 Qa4 33. Nc4 Qd7 34. Nxd6 1-0

[Event "Zhukovsky Rating-A 08"]
[Site "Zhukovsky"]
[Date "2009.08.14"]
[Round "3"]
[White "Mikhedov, Konstantin"]
[Black "Luzhetskiy, Yuri"]
[Result "1/2-1/2"]
[WhiteElo "2326"]
[BlackElo "2079"]
[PlyCount "69"]
[EventDate "2009.08.14"]
[EventType "swiss"]
[EventRounds "7"]
[EventCountry "RUS"]
[SourceTitle "EXT 2022"]
[Source "ChessBase"]
[SourceDate "2021.10.06"]
[SourceVersion "1"]
[SourceVersionDate "2021.10.06"]
[SourceQuality "1"]

1. e4 c5 2. Nf3 d6 3. d4 cxd4 4. Nxd4 Nf6 5. Nc3 e6 6. Bg5 Be7 7. f4 a6 8. Qf3 Qc7 9. 0-0-0 b5 10. g4 Bb7 11. Bxf6 gxf6 12. h4 Nc6 13. Bh3 Nxd4 14. Rxd4 0-0 15. g5 Kh8 16. Qh5 d5 17. Nxd5 Bxd5 18. exd5 Rac8 19. Rh2 Bc5 20. Re4 f5 21. Ree2 Qxf4+ 22. Kb1 exd5 23. Rh1 Rce8 24. Rxe8 Rxe8 25. Qxf7 Qe4 26. Rd1 f4 27. Bf5 Qe7 28. Qh5 Rf8 29. g6 f3 30. Bh3 f2 31. a3 d4 32. Bf1 Bb6 33. Bd3 Bd8 34. gxh7 Qxh4 35. Qxh4 1/2-1/2

[Event "Zhukovsky Elo-B"]
[Site "Zhukovsky"]
[Date "2008.01.20"]
[Round "9"]
[White "Luzhetskiy, Yuri"]
[Black "Kukushkin, Sergey"]
[Result "0-1"]
[WhiteElo "2135"]
[BlackElo "2099"]
[PlyCount "146"]
[EventDate "2008.01.02"]
[EventType "tourn"]
[EventRounds "9"]
[EventCountry "RUS"]
[SourceTitle "EXT 2010"]
[Source "ChessBase"]
[SourceDate "2010.11.25"]
[SourceVersion "1"]
[SourceVersionDate "2010.11.25"]
[SourceQuality "1"]

1. Nf3 d6 2. d4 g6 3. e4 Bg7 4. Nc3 Nc6 5. d5 Ne5 6. Nd4 c5 7. dxc6 Nxc6 8. Be3 Nf6 9. f3 0-0 10. Bc4 a6 11. a4 Nd7 12. Qd2 Nde5 13. Bb3 Na5 14. Qe2 Nxb3 15. Nxb3 Nc6 16. Nd5 Be6 17. c3 Rb8 18. a5 Bxd5 19. exd5 Ne5 20. f4 Nd7 21. 0-0 Rc8 22. Rfe1 Re8 23. Qf2 Qc7 24. Nd2 Nf6 25. Qf3 Qd7 26. Bd4 Qf5 27. c4 Qg4 28. Qf2 Nh5 29. g3 Nxf4 30. Qxf4 Qxf4 31. gxf4 Bxd4+ 32. Kf1 Bxb2 33. Ra2 Bc3 34. Rc1 Bxd2 35. Rxd2 Rc5 36. Rb2 Rxa5 37. Rxb7 Rc5 38. Ke2 Kg7 39. Kd3 a5 40. Ra1 Kf6 41. Ra7 Rb8 42. Re1 Re8 43. Ra1 Rec8 44. Ra4 h5 45. R7xa5 Rxa5 46. Rxa5 Rc7 47. Ra2 Kf5 48. h3 f6 49. Rg2 g5 50. fxg5 fxg5 51. Rf2+ Kg6 52. Rf8 h4 53. Rg8+ Kf6 54. Rf8+ Kg7 55. Rf5 Kg6 56. Rf8 Ra7 57. Rg8+ Kf6 58. Rf8+ Kg7 59. Re8 Kf7 60. Rh8 Ra3+ 61. Ke4 Rxh3 62. Kf5 Rg3 63. Rh7+ Ke8 64. c5 dxc5 65. d6 exd6 66. Ke6 Re3+ 67. Kxd6 Kf8 68. Kxc5 Kg8 69. Ra7 h3 70. Kd4 Re2 71. Ra5 Rg2 72. Ke5 h2 73. Kf6 h1Q 0-1

[Event "Zhukovsky Elo-B"]
[Site "Zhukovsky"]
[Date "2008.01.13"]
[Round "7"]
[White "Luzhetskiy, Yuri"]
[Black "Marchukov, Dmitry"]
[Result "1-0"]
[WhiteElo "2135"]
[BlackElo "2083"]
[PlyCount "51"]
[EventDate "2008.01.02"]
[EventType "tourn"]
[EventRounds "9"]
[EventCountry "RUS"]
[SourceTitle "EXT 2010"]
[Source "ChessBase"]
[SourceDate "2010.11.25"]
[SourceVersion "1"]
[SourceVersionDate "2010.11.25"]
[SourceQuality "1"]

1. c4 c5 2. Nc3 Nc6 3. Nf3 g6 4. e3 Bg7 5. d4 b6 6. d5 Ne5 7. Nxe5 Bxe5 8. Bd3 d6 9. 0-0 Nh6 10. e4 Bg7 11. f4 Bd4+ 12. Kh1 Ng4 13. Qe1 0-0 14. h3 Nf6 15. Ne2 e5 16. f5 Nh5 17. f6 Bxb2 18. Bxb2 Nxf6 19. Bc1 Nh5 20. Bh6 Ng7 21. g4 Bd7 22. Rb1 Rb8 23. Kh2 a6 24. Nc3 Rb7 25. Qf2 Qe7 26. Qf6 1-0

[Event "Zhukovsky Elo-B"]
[Site "Zhukovsky"]
[Date "2008.01.12"]
[Round "6"]
[White "Medvedev, Vladimir"]
[Black "Luzhetskiy, Yuri"]
[Result "1-0"]
[WhiteElo "2182"]
[BlackElo "2135"]
[PlyCount "39"]
[EventDate "2008.01.02"]
[EventType "tourn"]
[EventRounds "9"]
[EventCountry "RUS"]
[SourceTitle "EXT 2010"]
[Source "ChessBase"]
[SourceDate "2010.11.25"]
[SourceVersion "1"]
[SourceVersionDate "2010.11.25"]
[SourceQuality "1"]

1. d4 Nf6 2. Nf3 c5 3. d5 d6 4. Nc3 g6 5. e4 Bg7 6. Bb5+ Nbd7 7. a4 0-0 8. 0-0 h6 9. Nd2 Kh7 10. f4 Ne8 11. Bd3 e5 12. f5 gxf5 13. exf5 Ndf6 14. Nde4 b6 15. g4 Rg8 16. g5 Nxe4 17. Nxe4 f6 18. g6+ Kh8 19. Qh5 Bf8 20. Bxh6 1-0

[Event "Zhukovsky Elo-B"]
[Site "Zhukovsky"]
[Date "2008.01.05"]
[Round "4"]
[White "Ibragimov, Alibek"]
[Black "Luzhetskiy, Yuri"]
[Result "0-1"]
[WhiteElo "2498"]
[BlackElo "2135"]
[PlyCount "52"]
[EventDate "2008.01.02"]
[EventType "tourn"]
[EventRounds "9"]
[EventCountry "RUS"]
[SourceTitle "EXT 2010"]
[Source "ChessBase"]
[SourceDate "2010.11.25"]
[SourceVersion "1"]
[SourceVersionDate "2010.11.25"]
[SourceQuality "1"]

1. d4 d5 2. c4 dxc4 3. Nc3 a6 4. e3 Nf6 5. Bxc4 e6 6. Nf3 b5 7. Bd3 Bb7 8. 0-0 c5 9. Re1 Nc6 10. a3 Qc7 11. dxc5 Bxc5 12. b4 Bd6 13. Bb2 0-0 14. Rc1 Rfd8 15. Qe2 Rac8 16. h3 Qb6 17. Ng5 Ne5 18. Bb1 Nc4 19. Nce4 Nxe4 20. Nxe4 f5 21. Nxd6 Rxd6 22. Red1 Qc6 23. f4 Rxd1+ 24. Rxd1 Qxg2+ 25. Qxg2 Bxg2 26. Kxg2 Nxe3+ 0-1

[Event "Dubna op"]
[Site "Dubna"]
[Date "2007.08.10"]
[Round "12"]
[White "Larina, Marija"]
[Black "Luzhetskiy, Yuri"]
[Result "1-0"]
[WhiteElo "2092"]
[BlackElo "2145"]
[PlyCount "55"]
[EventDate "2007.08.02"]
[EventType "swiss"]
[EventRounds "14"]
[EventCountry "RUS"]
[SourceTitle "EXT 2008"]
[Source "ChessBase"]
[SourceDate "2007.11.25"]
[SourceVersion "1"]
[SourceVersionDate "2007.11.25"]
[SourceQuality "1"]

1. e4 c5 2. Nf3 e6 3. d4 cxd4 4. Nxd4 a6 5. Nc3 Qc7 6. g3 Nc6 7. Nxc6 Qxc6 8. Bg2 b5 9. 0-0 Bb7 10. Re1 Nf6 11. Nd5 Bc5 12. Nxf6+ gxf6 13. Be3 Rc8 14. c3 Bxe3 15. Rxe3 0-0 16. Qh5 e5 17. Bh3 Rfd8 18. Bf5 Kf8 19. Rd1 Ke7 20. Red3 Rc7 21. Qxh7 d6 22. Qh6 Qb6 23. g4 d5 24. exd5 Rd6 25. g5 Rcd7 26. Bxd7 Kxd7 27. Qf8 fxg5 28. Qxf7+ 1-0

[Event "Dubna op"]
[Site "Dubna"]
[Date "2007.08.08"]
[Round "8"]
[White "Khrustalev, Alexsander"]
[Black "Luzhetskiy, Yuri"]
[Result "1/2-1/2"]
[WhiteElo "1932"]
[BlackElo "2145"]
[PlyCount "99"]
[EventDate "2007.08.02"]
[EventType "swiss"]
[EventRounds "14"]
[EventCountry "RUS"]
[SourceTitle "EXT 2008"]
[Source "ChessBase"]
[SourceDate "2007.11.25"]
[SourceVersion "1"]
[SourceVersionDate "2007.11.25"]
[SourceQuality "1"]

1. b4 e5 2. Bb2 f6 3. e4 d5 4. exd5 Bxb4 5. Bc4 Ne7 6. c3 Bd6 7. Qh5+ g6 8. Qe2 0-0 9. Nf3 Nd7 10. d4 Nf5 11. 0-0 exd4 12. Nxd4 Nxd4 13. cxd4 Re8 14. Qf3 Nb6 15. Bb3 a5 16. a4 Bf5 17. Nc3 Kg7 18. Rfe1 Qd7 19. Nb5 Rxe1+ 20. Rxe1 Re8 21. Rxe8 Qxe8 22. Qe3 Qe4 23. Qxe4 Bxe4 24. Nxd6 cxd6 25. Bc3 Bxd5 26. Bxa5 Bxb3 27. Bxb6 Bxa4 28. f3 Kf7 29. Kf2 Ke6 30. Ke3 Kd5 31. h4 f5 32. g4 Bd7 33. Kf4 Kc6 34. Ba5 b6 35. Bb4 Kd5 36. gxf5 gxf5 37. Ke3 b5 38. Kd2 Kxd4 39. Bxd6 Kc4 40. Be5 b4 41. Kc1 Kd3 42. f4 Be6 43. Bf6 Ke4 44. Bg5 Bc4 45. Kb2 Kf3 46. Bh6 Kg4 47. Bg5 Kh5 48. Bf6 Kh6 49. Be7 Kh5 50. Bf6 1/2-1/2

[Event "Dubna op"]
[Site "Dubna"]
[Date "2007.08.08"]
[Round "9"]
[White "Luzhetskiy, Yuri"]
[Black "Pugachov, Vladimir"]
[Result "1/2-1/2"]
[WhiteElo "2145"]
[BlackElo "2074"]
[PlyCount "30"]
[EventDate "2007.08.02"]
[EventType "swiss"]
[EventRounds "14"]
[EventCountry "RUS"]
[SourceTitle "EXT 2008"]
[Source "ChessBase"]
[SourceDate "2007.11.25"]
[SourceVersion "1"]
[SourceVersionDate "2007.11.25"]
[SourceQuality "1"]

1. Nf3 d5 2. d4 e6 3. c4 f5 4. Nc3 c6 5. Bf4 Nf6 6. e3 Bd6 7. Bd3 0-0 8. 0-0 Ne4 9. Rb1 Na6 10. Bxd6 Qxd6 11. c5 Qc7 12. Bxa6 bxa6 13. Ne5 a5 14. f3 Nxc5 15. Qc2 Na6 1/2-1/2